000 00223nam a22000857a 4500
008 160706b xxu||||| |||| 00| 0 eng d
100 _92352
_a Wadia, M.J
245 _aWe Indians
260 _aNew Delhi
_b National Book Trust
_c1984
999 _c2029
_d2029